| 000 | 00365nam a2200157Ia 4500 | ||
|---|---|---|---|
| 003 | Ost | ||
| 005 | 20260225132557.0 | ||
| 008 | 260225s9999||||xx |||||||||||||| ||und|| | ||
| 040 | _cfsic | ||
| 041 | _afre | ||
| 082 | _a302.23 | ||
| 100 |
_aPatrick Poivre D'Arvor _eAuteur |
||
| 245 | 0 | _aLes Rats dee garde / | |
| 245 | 0 | _cPatrick Poivre D'Arvor | |
| 942 | _cكتاب | ||
| 999 |
_c34495 _d34495 |
||